000 00898nam a22002537a 4500
008 081217t xxu||||| |||| 00| 0 eng d
010 _aENG-92224
020 _c795.00
_a9788178380223
020 _c795.00
_a8178380226
035 _aEN-75757
037 _bDBAD / VEN
040 _adpl
_bEnglish
082 _a485
100 _aVerma, Ravi S.
245 _aA complete course in communication skills /
_cby Ravi S. Varma
260 _aJaipur
_bSheel Sons
_c2007(repr.).
270 _a4-La,-1, Jawahar Nagar
_bJaipur
300 _a290p.
_c23cm (pbk)
500 _aIncludes appendix
650 _aEnglish language
_xGrammar
942 _2ddc
_cEN
_mVAR
_h485
999 _c19996
_d19996